00512nam a2200169Ia 4500008004100000082000900041100005700050245004300107250000600150260002200156300001000178500002400188650001500212942000700227952009100234999001700325230524s9999 xx 000 0 und d bICSI aThe Institute of Company Secretaries of India942687 0aBanking and Insurance Law and Practice a1 aNew DelhibTaxman a595p: aQuantity Number: 1 aManagement cBK 00104070aTATCLbTATCLcGENd2023-05-24l0o ICSIp54040r2023-05-24w2023-05-24yBK c57678d57678